World economic outlook. April 2006 globalization and inflation

Guardado en:
Detalles Bibliográficos
Formato: Libro
Lenguaje:inglés
Publicado: Washington IMF 2006
Colección:World economic and financial surveys
Materias:
Etiquetas: Agregar Etiqueta
Sin Etiquetas, Sea el primero en etiquetar este registro!

MARC

LEADER 00000nam$a2200000$$$4500
001 0042699
005 20240315115808.6
020 |a 1-58906-549-2 
041 0 |a eng 
044 |a US 
245 1 0 |a World economic outlook. April 2006  |b globalization and inflation 
264 1 |a Washington  |b IMF  |c 2006 
300 |a 266 s. 
490 1 |a World economic and financial surveys 
830 0 |a World economic and financial surveys 
610 2 0 |a situácia hospodárska 
610 2 0 |a politika hospodárska 
610 2 0 |a rozvoj hospodársky 
610 2 0 |a globalizácia hospodárstva 
610 2 0 |a rast hospodársky 
610 2 0 |a ceny 
610 2 0 |a ropa 
610 2 0 |a nerovnováha hospodárska 
610 2 0 |a inflácia 
610 2 0 |a údaje štatistické medzinárodné 
610 2 0 |a porovnanie medzinárodné